| 000 | 00637nam a2200193Ia 4500 | ||
|---|---|---|---|
| 003 | GCL | ||
| 008 | 140319s9999 xx 000 0 ara d | ||
| 040 |
_aGCL / _cGCL |
||
| 082 | 0 | 4 |
_a813.008 _bن غ |
| 100 | 1 | _aنبيل عبدالحميد سيد احمد | |
| 245 | 1 | 0 |
_aغزو الارانب / _cنبيل عبدالحميد سيد احمد |
| 260 |
_a[S.N] : _bالهيئة المصرية العامة للكتاب ، _c1994 |
||
| 300 | _a141 ص | ||
| 490 |
_aسلسلة مختارات فصول _v0 |
||
| 650 | 0 | 4 | _aالادب العربى |
| 650 | 0 | 4 | _aالقصص العربية |
| 650 | 0 | 4 | _aالمجموعات |
| 942 |
_2ddc _cBK |
||
| 999 |
_c33343 _d33343 |
||